| 000 | 00441nam a2200181Ia 4500 | ||
|---|---|---|---|
| 003 | OSt | ||
| 005 | 20230306143104.0 | ||
| 008 | 210210b1932 xxu||||| |||| 00| 0 eng d | ||
| 040 | _cAL | ||
| 041 | _aeng | ||
| 082 | _a331/19 | ||
| 100 |
_aCHABLANI (H L) _974228 |
||
| 245 | _aIndian currency, banking and exchange | ||
| 260 |
_aLondon _bOxford University Press _c1932 |
||
| 690 |
_aBanking _974229 |
||
| 906 | _a003921 | ||
| 942 |
_2ddc _cBK |
||
| 999 |
_c121723 _d121723 |
||